Dos mujeres en Praga
-д хадгалсан:
| Үндсэн зохиолч: | |
|---|---|
| Формат: | Ном |
| Хэл сонгох: | испани |
| Хэвлэсэн: |
Madrid
Espasa Calpe
2002
|
| Цуврал: | Espasa Narrativa
|
| Нөхцлүүд: | |
| Шошгууд: |
Шошго нэмэх
Шошго байхгүй, Энэхүү баримтыг шошголох эхний хүн болох!
|
MARC
| LEADER | 00000nam a2200000 a 4500 | ||
|---|---|---|---|
| 001 | UCM8225 | ||
| 003 | CL-VaPUC | ||
| 008 | 030228e20020000SP |||||||||||||||||spa|d | ||
| 082 | 0 | 4 | |a 863 |b MIL |2 21 |
| 100 | |a Millás, Juan José |e autor |9 480618 | ||
| 245 | 1 | 0 | |a Dos mujeres en Praga |
| 300 | |a 230 p | ||
| 942 | |c BK | ||
| 945 | |d 20030228 00:00:00 |a cmena | ||
| 260 | |a Madrid |b Espasa Calpe |c 2002 | ||
| 500 | |a Premio Primavera de Novela 2002 | ||
| 650 | 0 | |a Literatura española |9 306261 | |
| 650 | 0 | |a Novelas españolas |9 265052 | |
| 583 | |a last modification |c 20030228 00:00:00 |k Rodrigo Vera | ||
| 490 | 0 | |a Espasa Narrativa | |
| 999 | |c 302803 |d 302801 | ||
| 952 | |0 0 |1 0 |4 0 |6 863_000000000000000_MIL_2002 |7 0 |8 A |9 363552 |a BIBEDU |b BIBEDU |d 2019-11-21 |i 3879895 |o 863 MIL 2002 |p 3879895 |r 2019-11-21 |w 2019-11-21 |y BK |k LIT | ||